Przedstawiciele grup poetyckich międzywojnia - Statystyki

Ogólne statystyki
  • Ten quiz został rozwiązany 22 razy
  • Średni wynik to 9 z 20
Statystyki odpowiedzi
Hint Odpowiedź % Poprawnych
Skamandrzy Julian Tuwim
100%
Skamandrzy Antoni Słonimski
67%
Druga Awangarda (Wilno) Czesław Miłosz
67%
Skamandrzy Jan Lechoń
67%
Druga Awangarda (Lublin) Józef Czechowicz
67%
Awangarda Krakowska Julian Przyboś
67%
Skamandrzy Jarosław Iwaszkiewicz
56%
Skamandrzy (luźno związani) Kazimiera Iłłakowiczówna
56%
Skamandrzy (luźno związani) Maria Pawlikowska-Jasnorzewska
56%
Futuryści Aleksander Wat
44%
Skamandrzy Kazimierz Wierzyńśki
44%
Futuryści Bruno Jasieński
33%
Druga Awangarda (Warszawa) Konstanty Ildefons Gałczyński
33%
Futuryści Stanisław Młodożeniec
33%
Awangarda Krakowska Tadeusz Peiper
33%
Skamandrzy (luźno związani) Zuzanna Ginczanka
33%
Futuryści Anatol Stern
22%
Awangarda Krakowska Jalu Kurek
22%
Skamandrzy (luźno związani) Władysław Broniewski
22%
Awangarda Krakowska Jan Brzękowski
11%
Nie znaleziono quizów pasujących do podanych kryteriów
Rozkład punktacji
Procent ludzi z każdym wynikiem
Percentyl według liczby udzielonych odpowiedzi
Twoja historia wyników
Nie rozwiązałeś tego quizu